000
00218nam a22000857a 4500
008
160915b xxu||||| |||| 00| 0 eng d
100
_9
515
_a
Gupta.R.G.
245
_a
Mathematics-8
260
_a
New Delhi
_b
APC Publications
_c
2010
999
_c
3172
_d
3172